| 000 | 00449nam a22001697a 4500 | ||
|---|---|---|---|
| 003 | OSt | ||
| 005 | 20260223102929.0 | ||
| 008 | 250104b |||||||| |||| 00| 0 eng d | ||
| 020 | _a9780323828239 | ||
| 040 |
_aSRHU _bEnglish _cSRHU |
||
| 082 |
_223rd _a618.92 |
||
| 245 |
_aAvery Diseases of the New Born _cGleason, Christen A . |
||
| 250 | _a11th | ||
| 260 |
_aPhildelphia _bElsevier _c2013 |
||
| 300 |
_a1459p _c29cm |
||
| 942 |
_2ddc _cNEO-NATAL _e11th |
||
| 999 |
_c19289 _d19289 |
||